000 00510nam a2200157Ia 4500
008 160316s1993 xxu||||| |||| 00| 0 eng d
082 _a344.010000
_bBOL
100 _aBolton Brain
245 _aTelecommunications service : Negotiating structural and technological change
250 _a
260 _aGeneva
_bInternational Labour Organisation
_c1993
300 _a143p
_b
_c
365 _bRs.438/75
650 _a1.Telecommunication Sector - Labour Relations - Employment Issues
700 _aDavis Edward M
_a
999 _c12231
_d12231